<?xml version="1.0" encoding="UTF-8"?>
<record
    xmlns:xsi="http://www.w3.org/2001/XMLSchema-instance"
    xsi:schemaLocation="http://www.loc.gov/MARC21/slim http://www.loc.gov/standards/marcxml/schema/MARC21slim.xsd"
    xmlns="http://www.loc.gov/MARC21/slim">

  <leader>03752nam a2200541Ia 4500</leader>
  <controlfield tag="001">202</controlfield>
  <controlfield tag="008">241029s9999    xx            000 0 und d</controlfield>
  <datafield tag="010" ind1=" " ind2=" ">
    <subfield code="a">178</subfield>
  </datafield>
  <datafield tag="041" ind1=" " ind2=" ">
    <subfield code="a">Espa&#xF1;ol</subfield>
  </datafield>
  <datafield tag="082" ind1=" " ind2=" ">
    <subfield code="a">2012/BUNEVS.A55</subfield>
  </datafield>
  <datafield tag="245" ind1=" " ind2="0">
    <subfield code="a">Metodolog&#xED;a en el Proceso Ense&#xF1;anza - Aprendizaje de Lectoescritura a Estudiantes de 6to. Grado de B&#xE1;sica Escuela An&#xED;bal Medina, San V&#xED;ctor, Moca, Rep&#xFA;blica Dominicana. 2011 - 2012.</subfield>
  </datafield>
  <datafield tag="260" ind1=" " ind2=" ">
    <subfield code="a">Espaillat</subfield>
  </datafield>
  <datafield tag="300" ind1=" " ind2=" ">
    <subfield code="a">101</subfield>
  </datafield>
  <datafield tag="520" ind1=" " ind2=" ">
    <subfield code="a">36</subfield>
  </datafield>
  <datafield tag="630" ind1=" " ind2=" ">
    <subfield code="a">Ense&#xF1;anza-Aprendizaje</subfield>
  </datafield>
  <datafield tag="630" ind1=" " ind2=" ">
    <subfield code="a">Lectoescritura</subfield>
  </datafield>
  <datafield tag="630" ind1=" " ind2=" ">
    <subfield code="a">Metodolog&#xED;a de Ense&#xF1;anza</subfield>
  </datafield>
  <datafield tag="650" ind1=" " ind2=" ">
    <subfield code="a">Gesti&#xF3;n Educativa</subfield>
  </datafield>
  <datafield tag="690" ind1=" " ind2=" ">
    <subfield code="a">Sintetizado</subfield>
  </datafield>
  <datafield tag="700" ind1=" " ind2=" ">
    <subfield code="e">asesor</subfield>
    <subfield code="a">Reyes, Rafael </subfield>
  </datafield>
  <datafield tag="700" ind1=" " ind2=" ">
    <subfield code="e">autor</subfield>
    <subfield code="a">Almonte S&#xE1;nchez , Josquely</subfield>
  </datafield>
  <datafield tag="901" ind1=" " ind2=" ">
    <subfield code="a">{"1":"Almonte S&#xE1;nchez "}</subfield>
    <subfield code="b">{"1":"Josquely"}</subfield>
  </datafield>
  <datafield tag="902" ind1=" " ind2=" ">
    <subfield code="a">1</subfield>
  </datafield>
  <datafield tag="903" ind1=" " ind2=" ">
    <subfield code="a">{"1":"Reyes"}</subfield>
    <subfield code="b">{"1":"Rafael "}</subfield>
  </datafield>
  <datafield tag="904" ind1=" " ind2=" ">
    <subfield code="a">Mag&#xED;ster en</subfield>
  </datafield>
  <datafield tag="905" ind1=" " ind2=" ">
    <subfield code="a">Gesti&#xF3;n Educativa</subfield>
  </datafield>
  <datafield tag="906" ind1=" " ind2=" ">
    <subfield code="a">2</subfield>
  </datafield>
  <datafield tag="907" ind1=" " ind2=" ">
    <subfield code="a">NO APLICA</subfield>
  </datafield>
  <datafield tag="908" ind1=" " ind2=" ">
    <subfield code="a">NO APLICA</subfield>
  </datafield>
  <datafield tag="909" ind1=" " ind2=" ">
    <subfield code="a">Universidad Nacional Evang&#xE9;lica (UNEV), Recinto Santiago</subfield>
  </datafield>
  <datafield tag="910" ind1=" " ind2=" ">
    <subfield code="a">NULL</subfield>
    <subfield code="b">NULL</subfield>
  </datafield>
  <datafield tag="911" ind1=" " ind2=" ">
    <subfield code="a">["1"]</subfield>
  </datafield>
  <datafield tag="912" ind1=" " ind2=" ">
    <subfield code="a">NO APLICA</subfield>
  </datafield>
  <datafield tag="913" ind1=" " ind2=" ">
    <subfield code="a">NULL</subfield>
  </datafield>
  <datafield tag="914" ind1=" " ind2=" ">
    <subfield code="a">03 de Diciembre de 2012</subfield>
  </datafield>
  <datafield tag="915" ind1=" " ind2=" ">
    <subfield code="a">22/04/14 12:04</subfield>
  </datafield>
  <datafield tag="916" ind1=" " ind2=" ">
    <subfield code="a">NULL</subfield>
  </datafield>
  <datafield tag="917" ind1=" " ind2=" ">
    <subfield code="a">NULL</subfield>
  </datafield>
  <datafield tag="918" ind1=" " ind2=" ">
    <subfield code="a">NO APLICA</subfield>
  </datafield>
  <datafield tag="919" ind1=" " ind2=" ">
    <subfield code="a">["89","128","139"]</subfield>
  </datafield>
  <datafield tag="520" ind1=" " ind2=" ">
    <subfield code="a">El objetivo general fue analizar la metodolog&#xED;a en el proceso ense&#xF1;anza aprendizaje de la lectoescritura en los estudiantes de 6to. grado de la Escuela B&#xE1;sica An&#xED;bal Medina y sugerir nuevas estrategias para la mejora de esta pr&#xE1;ctica. Fue una investigaci&#xF3;n de tipo descriptiva, cada caracter&#xED;stica o variable se analiz&#xF3;&#xA0;de forma aut&#xF3;noma o independiente. Adem&#xE1;s, de tipo bibliogr&#xE1;fica y explicativa, por consultar libros, revistas, art&#xED;culos e informaciones extra&#xED;das de Internet; complementada con una investigaci&#xF3;n de campo, porque recolect&#xF3; informaciones del centro objeto de estudio, a fin de presentar conclusiones y recomendaciones. Los m&#xE9;todos utilizados fueron el deductivo y el descriptivo. &#xA0;Para llevarlo a cabo fue necesario implementar t&#xE9;cnicas como la encuesta, entrevista y observaci&#xF3;n directa de la poblaci&#xF3;n. Se seleccion&#xF3; como instrumento el cuestionario, estructurado en relaci&#xF3;n a la variable a investigar.&#xA0;Finalizado el estudio fue preciso connotar lo siguiente: En relaci&#xF3;n al objetivo planteado, que consisti&#xF3; en determinar la metodolog&#xED;a de la lectoescritura en los estudiantes de 6to. grado&#xA0; de b&#xE1;sica, se encontr&#xF3; que la misma no es la m&#xE1;s indicada o apropiada, pues el curr&#xED;culo indica que el docente debe dise&#xF1;ar a partir de situaciones reales que respondan al entorno del ni&#xF1;o y propiciar situaciones que confronten sus saberes, descubrir y construir nuevos conocimientos, pero no se lleva a cabo, porque el docente opin&#xF3; que es b&#xE1;sico cambiar de metodolog&#xED;a para la comprensi&#xF3;n del lenguaje. Respecto a determinar el nivel de dominio de lectoescritura, se comprob&#xF3; que tienen dificultades con la escritura, poseen escasa comprensi&#xF3;n lectora; leen y escriben pero no interpretan lo que leen, el tiempo dedicado a la lectura, es muy poco, por lo que debe fomentarse la lectura como proceso divertido y formativo, no obligatorio y mon&#xF3;tono. En torno a determinar el tipo de deficiencia que presentan los alumnos/as en lectura y escritura, tienen inconvenientes con la fon&#xE9;tica, identificaci&#xF3;n de modos verbales, poseen l&#xE9;xico muy pobre, la lectura se realiza de manera mec&#xE1;nica. El 67% de los profesores afirm&#xF3; que la pedagog&#xED;a utilizada es el factor por el cual los alumnos no dominan el idioma espa&#xF1;ol.</subfield>
  </datafield>
  <datafield tag="921" ind1=" " ind2=" ">
    <subfield code="a">11</subfield>
  </datafield>
  <datafield tag="922" ind1=" " ind2=" ">
    <subfield code="a">11</subfield>
  </datafield>
  <datafield tag="923" ind1=" " ind2=" ">
    <subfield code="a">0</subfield>
  </datafield>
  <datafield tag="924" ind1=" " ind2=" ">
    <subfield code="a">NO APLICA</subfield>
  </datafield>
  <datafield tag="942" ind1=" " ind2=" ">
    <subfield code="c">Tesis</subfield>
  </datafield>
  <datafield tag="999" ind1=" " ind2=" ">
    <subfield code="c">178</subfield>
    <subfield code="d">178</subfield>
  </datafield>
</record>
